| 000 | 00850nam a2200241 a 4500 | ||
|---|---|---|---|
| 008 | |||
| 020 | _a9780850928587 (pbk.) | ||
| 049 | _aMAIN | ||
| 090 |
_aSB467.8 _bHOR |
||
| 245 | 1 | 0 |
_aHorticultural chain management for Eastern and Southern Africa : _ba theoretical manual / _cCommonwealth Secretariat. |
| 260 |
_aLondon : _bCommonwealth Secretariat, _c2008. |
||
| 300 |
_aviii, 218 p. : _bill. ; _c30 cm. |
||
| 504 | _aIncludes bibliographical references. | ||
| 650 | 1 |
_aHorticultural management _zEastern Africa. |
|
| 650 |
_aHorticultural management _zSouthern African. |
||
| 700 | _aCommonwealth Secretariat. | ||
| 700 | _aFood and Agriculture Organisation. | ||
| 907 |
_a.b1026971x _b07-01-10 _c15-10-09 |
||
| 003 | |||
| 005 | 20230120204022.0 | ||
| 040 | _cNUST | ||
| 942 |
_cBOOKS _kSB467.8 _mHOR |
||
| 999 |
_c115654 _d115654 |
||